Stati per densità di popolazione - America del Nord - Statistics

Statistiche generali
  • Questo quiz è stato fatto 3 volte
  • Il punteggio medio è 7 su 10
Statistiche sulle risposte
Densità (popolazione per km²) Nazione % Corretto
257 Giamaica
100%
299 Trinidad e Tobago
100%
654 Barbados
67%
366 Grenada
67%
423 Haiti
67%
233 Repubblica Dominicana
67%
293 Saint Lucia
67%
267 Saint Vincent e Grenadine
67%
213 Antigua e Barbuda
33%
303 El Salvador
33%
Nessun quiz corrispondente trovato
Distribuzione punteggi
Percentuale di utenti per punteggio
Percentile per numero di risposta
I tuoi punteggi nel tempo
Non hai fatto questo quiz